000 00357pam a2200157a 44500
008 230515b1992 xxu||||| |||| 00| 0 eng d
020 _aNULL
041 _aENGLISH
082 _aN.D.
100 _aJadish Lal
245 _aFluid Machanics &Hydraulics
250 _a0
260 _aNULL
_bMetropoliten Book Co.
_c1992
300 _a1048
650 _aNULL
999 _c575285
_d575285